| 000 | 00620nam a22002057a 4500 | ||
|---|---|---|---|
| 003 | OSt | ||
| 005 | 20210423062941.0 | ||
| 008 | 210219s1969 ||||| |||| 00| 0 eng d | ||
| 040 |
_aeng _beng _cDLC |
||
| 041 | _aeng | ||
| 080 |
_a92 _bG-15 |
||
| 100 |
_9978 _aGalbraith, Kenneth. John |
||
| 245 |
_aAmbassador's Journal _b: A Personal Account of the Kennedy Years _c/ by: Houghton Mifflin Company |
||
| 260 |
_aBoston _bHoughton Mifflin Company _c1960 |
||
| 300 |
_a582 p. _bill. |
||
| 650 | 0 |
_9237 _aBiography |
|
| 653 | _aბიოგრაფია | ||
| 700 |
_9979 _aBryant, H. Samuel _ePhotography |
||
| 942 |
_2udc _cBK |
||
| 999 |
_c1548 _d1548 |
||